000 00974nam a2200229Ia 4500
003 OSt
005 20220923214101.0
006 a|||||r|||| 00| 0
007 ta
008 220922b |||||||| |||| 00| 0 hin d
024 _a166,919
037 _cTextual
040 _aARTS
_cARTS
_bhin
041 _2hin
_ahin
082 _aO152:1J58x, K5
100 _aरसखान
245 0 _aअमर काव्य
_b कविवर रसखान पर एक समीक्षात्मक दृष्टि और उनकी उत्तमोत्तम कविताओं का चारू-चयन दुर्गाश्ंाकर मिश्र संक
246 _aAmar kāvya: kavivar rasakhān par ek samīkṣhātmak dṛuṣhṭi aur unakī uttamottam kavitāoan kā chārū-chayan durgāshanākar mishra sanka0
260 _c1965
942 _hO152:1J58x, K5
_cTEXL
_2CC
999 _c321398
_d321398